<?xml version="1.0" encoding="UTF-8"?>
<record
    xmlns:xsi="http://www.w3.org/2001/XMLSchema-instance"
    xsi:schemaLocation="http://www.loc.gov/MARC21/slim http://www.loc.gov/standards/marcxml/schema/MARC21slim.xsd"
    xmlns="http://www.loc.gov/MARC21/slim">

  <leader>00699nam a22001817a 4500</leader>
  <controlfield tag="005">20120103115217.0</controlfield>
  <datafield tag="020" ind1=" " ind2=" ">
    <subfield code="a">9788128624162</subfield>
  </datafield>
  <datafield tag="037" ind1=" " ind2=" ">
    <subfield code="b">PUB</subfield>
  </datafield>
  <datafield tag="100" ind1=" " ind2=" ">
    <subfield code="a">Larry, H.I. </subfield>
    <subfield code="9">38110</subfield>
  </datafield>
  <datafield tag="245" ind1=" " ind2=" ">
    <subfield code="a">Volcanic panic /</subfield>
    <subfield code="c">by H.I. Larry; illustrted by Andy Hook</subfield>
    <subfield code="b">(selected stories for children) /</subfield>
  </datafield>
  <datafield tag="260" ind1=" " ind2=" ">
    <subfield code="a">Mumbai </subfield>
    <subfield code="b">Euro Books </subfield>
    <subfield code="c">2006</subfield>
  </datafield>
  <datafield tag="270" ind1=" " ind2=" ">
    <subfield code="a">Dani Corportate Park, First Floor, 158, Vidyanagari Marg, Kalina, Santacruz</subfield>
    <subfield code="b">Mumbai </subfield>
    <subfield code="e">400098</subfield>
  </datafield>
  <datafield tag="300" ind1=" " ind2=" ">
    <subfield code="a">91p. </subfield>
    <subfield code="b">ill.</subfield>
    <subfield code="c">20cm(pbk) </subfield>
  </datafield>
  <datafield tag="490" ind1=" " ind2=" ">
    <subfield code="a">Zac power: 24 hours to save world...and sweep the driueway </subfield>
    <subfield code="9">38111</subfield>
  </datafield>
  <datafield tag="700" ind1=" " ind2=" ">
    <subfield code="a"> Hook, Andy</subfield>
    <subfield code="9">38112</subfield>
  </datafield>
  <datafield tag="942" ind1=" " ind2=" ">
    <subfield code="2">ddc</subfield>
    <subfield code="c">CH</subfield>
    <subfield code="m">LAR</subfield>
  </datafield>
  <datafield tag="999" ind1=" " ind2=" ">
    <subfield code="c">60174</subfield>
    <subfield code="d">60174</subfield>
  </datafield>
  <datafield tag="952" ind1=" " ind2=" ">
    <subfield code="0">0</subfield>
    <subfield code="1">0</subfield>
    <subfield code="4">0</subfield>
    <subfield code="7">-1</subfield>
    <subfield code="a">AG</subfield>
    <subfield code="b">AG</subfield>
    <subfield code="d">2012-01-03</subfield>
    <subfield code="l">0</subfield>
    <subfield code="o">LAR</subfield>
    <subfield code="r">2012-01-03 00:00:00</subfield>
    <subfield code="y">CH</subfield>
  </datafield>
</record>
